Zes dichtstbijzijnde landen - Panama - Statistieken

Algemene statistieken
  • Deze quiz is 23 keer genomen
  • De gemiddelde score is 4 van 6
Antwoordstatistieken
km land % Correct
0 Colombia
92%
0 Costa Rica
69%
159 Nicaragua
69%
445 Venezuela
62%
568 Honduras
54%
652 Ecuador
38%
Geen overeenkomende quizzen gevonden
Scoreverdeling
Procent van Mensen met Elke Score
Percentiel versus Aantal Correcte Antwoorden
Uw Scoregeschiedenis
U heeft deze quiz nog niet genomen